000 00637nam a2200181 u 4500
001 000384708
003 AM-YeHGA
005 20250617132156.0
008 041119s1962 ||||||||||||||||||||rus d
040 _aAM-YeHGA
041 0 _arus
100 1 _aСтряпкин, Петр Васильевич
245 1 0 _aБалта :
_bОчерк /
_cП. Стряпкин.
260 _aОдесса :
_bОдесское кн. изд-во,
_c1962.
300 _a141 с.
650 1 4 _aПолитическая, экономическая и культурная жизнь отдельных стран и местностей
090 _c147972
999 _c146585
_d146585